Gaṅgojamana. (Record no. 55689)

MARC details
000 -LEADER
fixed length control field 00532cam a22002171 4500
001 - CONTROL NUMBER
control field sa 63004509
003 - CONTROL NUMBER IDENTIFIER
control field DLC
005 - DATE AND TIME OF LATEST TRANSACTION
control field 20260227111949.0
008 - FIXED-LENGTH DATA ELEMENTS--GENERAL INFORMATION
fixed length control field 890602s1962 ii c 000 0 urdo
010 ## - LIBRARY OF CONGRESS CONTROL NUMBER
LC control number sa 63004509
035 ## - SYSTEM CONTROL NUMBER
System control number (OCoLC)19806558
040 ## - CATALOGING SOURCE
Original cataloging agency DLC
Transcribing agency WaU
Modifying agency DLC
042 ## - AUTHENTICATION CODE
Authentication code premarc
050 00 - LIBRARY OF CONGRESS CALL NUMBER
Classification number PK2200.A35
Item number G3
100 1# - MAIN ENTRY--PERSONAL NAME
Personal name Ahmad, Nazir,
Dates associated with a name 1910 April 13-
245 10 - TITLE STATEMENT
Title Gaṅgojamana.
260 ## - PUBLICATION, DISTRIBUTION, ETC.
Date of publication, distribution, etc. [1962]
300 ## - PHYSICAL DESCRIPTION
Extent 195 p.
Other physical details port.
Dimensions 19 cm.
500 ## - GENERAL NOTE
General note In Urdu, in Devanagari script.
500 ## - GENERAL NOTE
General note Poems.

No items available.

Powered by Koha